书目信息 |
| 题名: |
图案基础技法
|
|
| 作者: | 崔唯 主编 | |
| 分册: | ||
| 出版信息: | 合肥 安徽美术出版社 1999.09 |
|
| 页数: | 92页 | |
| 开本: | 16开 | |
| 丛书名: | ||
| 单 册: | ||
| 中图分类: | J51 | |
| 科图分类: | ||
| 主题词: | 图案学 | |
| 电子资源: | ||
| ISBN: | 7-5398-0757-1 | |
| 000 | 00523nam0 2200193 45 | |
| 001 | 0010230997 | |
| 005 | 20001023093202.0 | |
| 010 | @a7-5398-0757-1@d15.00元 | |
| 100 | @a20001023d1999 km y0chiy0120 ea | |
| 101 | 0 | @achi |
| 105 | @a z 000yy | |
| 200 | 1 | @a图案基础技法@ATu An Ji Chu Ji Fa@f崔唯主编@FCui Wei Zhu Bian |
| 210 | @a合肥@c安徽美术出版社@d1999.09 | |
| 215 | @a92页@d16开 | |
| 606 | 0 | @a图案学 |
| 690 | @aJ51@v3 | |
| 701 | 0 | @a崔唯@4主编 |
| 801 | @aCN@bPftUser@c20001023 | |
| 905 | @b183224-228@dJ51@eC.125@f5 | |
| 图案基础技法/崔唯主编.-合肥:安徽美术出版社,1999.09 |
| 92页;16开 |
| ISBN 7-5398-0757-1:15.00元 |
| ● |
| 相关链接 |
|
|
|
正题名:图案基础技法
索取号:J51/C.125
 
预约/预借
| 序号 | 登录号 | 条形码 | 馆藏地/架位号 | 状态 | 备注 |
| 1 | 183224 | 201832240 | 自科二线404/309社科库 86排3列2层/ [索取号:J51/C.125] | 在馆 | |
| 2 | 183225 | 201832259 | 自科二线404/309社科库 86排3列2层/ [索取号:J51/C.125] | 在馆 | |
| 3 | 183226 | 201832268 | 自科二线404/404自科库 7排5列3层/ [索取号:J51/C.125] | 在馆 | |
| 4 | 183227 | 201832277 | 自科二线404/404自科库 5排5列2层/ [索取号:J51/C.125] | 在馆 | |
| 5 | 183228 | 201832286 | 自科二线404/404自科库 7排5列3层/ [索取号:J51/C.125] | 在馆 |